Islāmī masāʼil. (Record no. 76738)

MARC details
000 -LEADER
fixed length control field 00604cam a22002291 4500
001 - CONTROL NUMBER
control field sa 67007704
003 - CONTROL NUMBER IDENTIFIER
control field DLC
005 - DATE AND TIME OF LATEST TRANSACTION
control field 20260227112417.0
008 - FIXED-LENGTH DATA ELEMENTS--GENERAL INFORMATION
fixed length control field 891207s1963 ii 010 0 urdr
010 ## - LIBRARY OF CONGRESS CONTROL NUMBER
LC control number sa 67007704
025 ## - OVERSEAS ACQUISITION NUMBER
Overseas acquisition number PL480:I-U-684
035 ## - SYSTEM CONTROL NUMBER
System control number (OCoLC)20743582
040 ## - CATALOGING SOURCE
Original cataloging agency DLC
Transcribing agency WaU
Modifying agency DLC
042 ## - AUTHENTICATION CODE
Authentication code premarc
050 00 - LIBRARY OF CONGRESS CALL NUMBER
Classification number BJ1291
Item number .R37
100 0# - MAIN ENTRY--PERSONAL NAME
Personal name Raz̤ī Badāyūnī.
245 10 - TITLE STATEMENT
Title Islāmī masāʼil.
Statement of responsibility, etc. [martaba] Raz̤ī Badāyūnī.
260 ## - PUBLICATION, DISTRIBUTION, ETC.
Place of publication, distribution, etc. [Delhi,
Date of publication, distribution, etc. 1963]
300 ## - PHYSICAL DESCRIPTION
Extent 144 p. (p. 141-144 advertisements)
Dimensions 16 cm.
500 ## - GENERAL NOTE
General note In Urdu.
650 #0 - SUBJECT ADDED ENTRY--TOPICAL TERM
Topical term or geographic name entry element Islamic ethics.

No items available.

Powered by Koha